Personal debt, bankruptcy and homes (Record no. 109683)

MARC details
000 -LEADER
fixed length control field 01249cad a22002535a 4500
001 - CONTROL NUMBER
control field E147694
008 - FIXED-LENGTH DATA ELEMENTS--GENERAL INFORMATION
fixed length control field 090605e20090424xxkb f s000 0 eng d
035 ## - SYSTEM CONTROL NUMBER
System control number (Sirsi) u147694
041 0# - LANGUAGE CODE
Language code of text/sound track or separate title eng
050 04 - LIBRARY OF CONGRESS CALL NUMBER
Classification number 330.9 $2 20
100 1# - MAIN ENTRY--PERSONAL NAME
Personal name Harvie-Clark, Sarah
245 00 - TITLE STATEMENT
Title Personal debt, bankruptcy and homes
Medium [electronic resource]
260 ## - PUBLICATION, DISTRIBUTION, ETC.
Place of publication, distribution, etc. Edinburgh
Name of publisher, distributor, etc. Scottish Parliament
Date of publication, distribution, etc. 2009
490 #0 - SERIES STATEMENT
Series statement SPICe Briefing
Volume/sequential designation (09/25) 24 April 2009
505 2# - FORMATTED CONTENTS NOTE
Formatted contents note Executive summary -- Personal debt -- Bankruptcy -- Buying and selling a home -- Mortgage arrears and repossessions -- Rented housing -- Sources -- Related briefings
520 ## - SUMMARY, ETC.
Summary, etc. Looks at issues related to personal debt, bankruptcy and homes in the context of the current recession. For each topic, the following areas are considered: the current legal and policy framework; the effect of the recession; government responses to the recession; and any public discussion of the government response.
521 ## - TARGET AUDIENCE NOTE
Target audience note Advanced
590 ## - LOCAL NOTE (RLIN)
Local note KA
651 #4 - SUBJECT ADDED ENTRY--GEOGRAPHIC NAME
Geographic name Scotland
Chronological subdivision 1999-
690 ## - LOCAL SUBJECT ADDED ENTRY--TOPICAL TERM (OCLC, RLIN)
Topical term or geographic name as entry element PROPERTY
700 1# - ADDED ENTRY--PERSONAL NAME
Personal name Hough, Richard
856 40 - ELECTRONIC LOCATION AND ACCESS
Uniform Resource Identifier <a href="https://www.scottish.parliament.uk/business/research/subject/HouPla.htm">https://www.scottish.parliament.uk/business/research/subject/HouPla.htm</a>
Public note View the briefing free of charge at www.scottish.parliament.uk...
942 ## - ADDED ENTRY ELEMENTS (KOHA)
Suppress in OPAC 0
Holdings
Withdrawn status Lost status Source of classification or shelving scheme Damaged status Not for loan Home library Current library Shelving location Date acquired Total Checkouts Full call number Barcode Date last seen Copy number Price effective from Koha item type
    Dewey Decimal Classification     Virtual Virtual Online 05/06/2009   ONLINE PUBLICATION 147694-2001 06/08/2019 1 06/08/2019 Book